000 00354nam a2200145Ia 4500
008 230312s9999||||xx |||||||||||||| ||und||
020 _a1-5013-1678-4
082 _a747.94
_bREE-R
100 _aReed;ron
245 0 _aRon reed color +design
260 _bbloomsbury
_aChina
_c2017
300 _a188
650 _aArchitecture
_vArchitecture
942 _cBK
999 _c12658
_d12658